Villes traversées par l'autoroute A35 - l'alsacienne - Statistiques

Statistiques générales
  • Ce quiz a été pris 26 fois
  • Le résultat moyen est 8 sur 12
Statistiques - réponses
ville population kilomètre % Correct
Strasbourg 298 361 59
100%
Colmar 67 730 136
96%
Mulhouse 106 341 168
91%
Haguenau 36 145 25
83%
Sélestat 19 300 106
83%
Illkirch-Graffenstaden 27 363 65
74%
Saint-Louis (Suisse) 23 946 192
74%
Schiltigheim 35 372 55
74%
Obernai 13 040 84
61%
Lingolsheim 21 317 63
48%
Bischwiller 12 435 30
30%
Guebwiller 11 137 154
30%
Aucun quiz correspondant
Distribution des résultats
% des personnes avec chaque résultat
Percentile par nombre de réponses
Votre historique - résultats
Vous n’avez pas pris ce quiz